000 00740nam a22002057a 4500
005 20230512221208.0
008 180131t xxu||||| |||| 00| 0 eng d
020 _a9710858513
040 _cCSPC
082 0 _a343.59909945
_bP297p
100 _aPayumo, Pablo R.,
_eauthor.
245 0 0 _aPhilippine and international radio laws and regulations :
_btelecommunications laws and regulations /
_cPablo R. Payumo
250 _a12th
_bEdition.
260 _aMandaluyong City :
_bNational Book Store.
_c2000.
300 _axxvi, 907 pages :
_c22 cm.
650 1 0 _aRadio
_xLaw and legislation
_zPhilippines.
942 _cBOOK
_jFIL 343.59909945 P297p 2000
999 _c1169
_d1169